1284 1155 1632 1072 1310 1968 1909 1189 1049 1349 1666 1500 1930 1823 1793 1102 1763 1242 1937 1878 1184 1941 1595 1114 1471 1580 1003 1150 1169 1772 1206 1037 1131 1363 1594 1314 1086 1871 1386 1326 1448 1993 1987 1384 1117 1117 1029 1292 1434 1227 1896 1806 1797 1663 1661 1038 1895 1562 1175 1037 1102 1615 1310 1291 1562 1773 1060 1440 1255 1040 1092 1026 1111 1869 1534 1578 1061 1767 1100 1117 1577 1121 1469 1495 1665 1641 1614 1744 1254 1011 1520 1424 1783 1954 1248 1547 1961 1462 1229 BCNSPRNW ULIB Ver.6.0+V

เปลี่ยนเป็นภาษาไทย

Change to English
 แสดงรายละเอียดบรรณานุกรม
  กลับหน้าหลัก

Brief Record : Get Marc (ISO 2709) : E-mail record : QR code < ปิดหน้าต่าง
LEADER : 00000nam 2200000uu 4500
001    13399126500
003     ULIB
008    180926s2560||||th 000 0 tha d
020    ^a9786163981790
060 04 ^aWY85^bพ434
245 00 ^aพฤติกรรมจริยธรรมของพยาบาลวิชาชีพ =^bEthical behaviors of professional nurses /^cบรรณาธิการ, อุดมรัตน์ สงวนศิริธรรม, สมใจ ศิระกมล
246 31 ^aEthical behaviors of professional nurses
250    ^aพิมพ์ครั้งที่ 2
260    ^aเชียงใหม่ :^bคณะพยาบาลศาสตร์ มหาวิทยาลัยเชียงใหม่,^c2560
300    ^a137 หน้า ;^c25 ซม.
505 0  ^a^tบทที่ 1 ที่มาของพฤติกรรมจริยธรรม --^tบทที่ 2 พฤติกรรมจริยธรรมกับวิชาชีพการพยาบาล --^tบทที่ 3 สิ่งที่เกี่ยวข้องกับพฤติกรรมจริยธรรม --^tบทที่ 4 การแสดงพฤติกรรมจริยธรรมของพยาบาล --^tบทที่ 5 ปัญหาพฤติกรรมจริยธรรมของพยาบาล --^tบทที่ 6 การส่งเสริมพฤติกรรมจริยธรรมของพยาบาล
650  2 ^aEthics, Nursing
650  4 ^aจรรยาบรรณพยาบาล
700 0  ^aอุดมรัตน์ สงวนศิริธรรม,^eบรรณาธิการ
700 0  ^aสมใจ ศิระกมล,^eบรรณาธิการ
710 2  ^aมหาวิทยาลัยเชียงใหม่.^bคณะพยาบาลศาสตร์
856    ^a^zพฤติกรรมจริยธรรมของพยาบาลวิชาชีพ(10046379).pdf (สารบัญหนังสือ)^uhttp://61.19.69.198/ULIB//_fulltext/Content ::/13399133259/20180418080545_1401.pdf
945    ^p180^l0^i26695
999    ^aกัณชพร จุลอักษร
รายการนี้ยังไม่มีแท็ก
คุณยังไม่ได้ล็อกอิน คุณสามารถมีกิจกรรมร่วมกับเว็บไซต์ได้ แต่ต้องล็อกอินก่อน ::
  ล็อกอิน

รายการสื่อสารสนเทศ

ลำดับที่ ประเภท เลขเรียก/บาร์โค้ด สถานที่ สถานะ
1. วิทยาศาสตร์การแพทย์ และสุขภาพ
วิทยาศาสตร์การแพทย์ และสุขภาพ
WY85 พ434 ฉ.1 
  Barcode: 26695
ห้องสมุดวิทยาเขตนครสวรรค์
►หนังสือทั่วไป:l:General Books
บนชั้น

รายการใกล้เคียง
    หัวเรื่อง [Ethics, Nursing]
    หัวเรื่อง [จรรยาบรรณพยาบาล]

BibComment


ยังไม่เคยถูกคอมเมนท์

คอมเมนท์ทรัพยากรรายการนี้
  คอมเมนท์: พฤติกรรมจริยธรรม..


 Copyright 2026. Bcnsprnw @Library